Tourism geography : a new synthesis
Saved in:
| Main Author: | |
|---|---|
| Format: | Book |
| Language: | English |
| Published: |
London and New York :
Routledge,
2009
|
| Edition: | 2η έκδ. |
| Subjects: | |
| Tags: |
Add Tag
No Tags, Be the first to tag this record!
|
MARC
| LEADER | 00000nam a2200000 i 4500 | ||
|---|---|---|---|
| 001 | 1/42409 | ||
| 008 | 140218s2009 eng d | ||
| 020 | |a 978-0-415-39426-0 | ||
| 035 | |l 10116744 | ||
| 040 | |a GR-MY-UA |b gre |e aacr | ||
| 041 | 0 | |a eng | |
| 082 | 0 | |a 338.4791 |2 (22) | |
| 100 | 1 | |a Williams, Stephen |d 1951- | |
| 245 | 1 | 0 | |a Tourism geography : |b a new synthesis / |c Stephen Williams |
| 250 | |a 2η έκδ. | ||
| 260 | |a London and New York : |b Routledge, |c 2009 | ||
| 300 | |a xvi, 309 σ.; |b εικ.; |c 26 εκ. | ||
| 504 | |a Περιλαμβάνει βιβλιογραφία (σ. [284]-303) και ευρετήριο | ||
| 650 | 0 | 0 | |a Tourism. |
| 852 | |a INST |b LESVOS |e 20140218 |h 338.4791 WIL |p 005100053550 |q 005100053550 |t BK |y 0 | ||
| 901 | |a BIBL1-2014-1 | ||
| 909 | |a Λ |b 181611 | ||
| 922 | |a 1ΕΛΗ |b 201306 |c ΤΜΗΜΑ ΓΕΩΓΡΑΦΙΑΣ |d ΙΩΑΝΝΙΔΟΥ | ||
| 970 | |a ΤΖΑΦΕΡΗ |b ΕΥΑΓΓΕΛΙΑ |z 2014/02/18 | ||